000 00558nam a2200193Ia 4500
005 20250508153447.0
008 008 250505s9999 xx 000 0 eng d
037 _aTextual
040 _aFEDL
_beng
_cFEDL
041 _aeng
_2eng
084 _a371.2, MIL
_qFEDL
100 _aMillett John D
245 0 _aAcademic community : An essay on organiation
260 _aNew York, USA
_bMcGraw Hill Book Company Inc.
_c1962
300 _axi,265p
650 _aSchool Administration
942 _cTEXL
_h371.2, MIL
999 _c1343034
_d1343034